Catálogo público

Normal view MARC view

Entry Nombre personal

Number of records used in: 2

001 - NÚMERO DE CONTROL

  • campo de control: 180843

003 - IDENTIFICADOR DEL NÚMERO DE CONTROL

  • campo de control: OSt

005 - FECHA Y HORA DE LA ÚLTIMA TRANSACCIÓN

  • campo de control: 20220601074924.0

008 - DATOS DE LONGITUD FIJA

  • campo de control de longitud fija: 220601|| aca||aabn | a|a d

040 ## - FUENTE DE LA CATALOGACIÓN

  • Centro catalogador/agencia de origen: OSt
  • Centro/agencia transcriptor: OSt

100 ## - ENCABEZAMIENTO-NOMBRE DE PERSONA

  • Nombre de persona: Simmons, Michael J. coaut. \ Snustad, D. Peter, coaut. \ Santana Calderón, Angélica, tr.Ì

670 ## - FUENTE DE DATOS ENCONTRADOS

  • Cita de la fuente: Work cat.: (OSt)213618: Gardner, Eldon John 46847, Principios de genética / Eldon John Gardner, Nichael J. Simmons y D. Peter Snustad; traducción Angélica Santana Calderón